LDR 01097naa#a2200181#i#450# 001 RU\\bibl\121850 005 20260428083331.2 011 ## _a2658-638X 100 ## _a20251208b2025####ek#y0rusy0150####ca 102 ## _aRU 200 1# _aАнализ существующих психолого-педагогических форм и методов формирования профессиональных компетенций сотрудников органов внутренних дел и выявление проблемных аспектов _eЖурнальная статья 210 1# _aМосква _cМосковский университет МВД России имени В.Я. Кикотя _d2025 215 ## _a4 с. 608 ## _aЖурнальная статья _2local 675 ## _aНародное образование. Воспитание. Обучение. Организация досуга. 37 _z 700 #1 _aПоликарпова _gЕкатерина Викторовна 700 #1 _aКонстантинов _gАлексей Владимирович 856 4# _amosumvd.editorum.ru _u